Nicaragua: elecciones de 1996 /
Kaydedildi:
| Yazar: | |
|---|---|
| Materyal Türü: | Metin |
| Etiketler: |
Etiketle
Etiket eklenmemiş, İlk siz ekleyin!
|
MARC
| LEADER | 00000 a a2200000 04500 | ||
|---|---|---|---|
| 001 | 47477 | ||
| 003 | |||
| 040 | |||
| 100 | |a Vargas, Oscar René | ||
| 245 | |a Nicaragua: |b elecciones de 1996 / |c Oscar René Vargas | ||
| 773 | |g número1, (1994), páginas 75-84 : tablas | ||
| 999 | |c 26169 |d 26169 | ||
